10 stanów USA z największą ilością opadów - Statystyki

Ogólne statystyki
  • Ten quiz został rozwiązany 72 razy
  • Średni wynik to 5 z 10
Statystyki odpowiedzi
Stan cm % Poprawnych
Floryda 138,2
86%
Alabama 144,5
73%
Luizjana 151,6
66%
Missisipi 148,6
64%
Georgia 128
59%
Karolina Północna 129
56%
Arkansas 133,4
32%
Kentucky 128
31%
Tennessee 140
29%
Rhode Island 124,7
14%
Nie znaleziono quizów pasujących do podanych kryteriów
Rozkład punktacji
Procent ludzi z każdym wynikiem
Percentyl według liczby udzielonych odpowiedzi
Twoja historia wyników
Nie rozwiązałeś tego quizu